| 000 | 00330nam a2200121Ia 4500 | ||
|---|---|---|---|
| 008 | 180219s9999 xx 000 0 und d | ||
| 020 | _a1582550018 | ||
| 100 | _aAnn, Archer | ||
| 245 |
_cWard, Billie E. _aFundamentals of nursing / |
||
| 250 | _a2nd ed | ||
| 260 |
_aUSA : _bSpring house corporation _c2000 |
||
| 300 | _av, 338 pages | ||
| 999 |
_c355965 _d355965 |
||